Optimum income taxation with discrete populations (Registro nro. 25989)

Detalles MARC
000 -LEADER
fixed length control field 00344 a2200109 4500
001 - CONTROL NUMBER
control field ART_11997
005 - DATE AND TIME OF LATEST TRANSACTION
control field 20260410161902.0
008 - FIXED-LENGTH DATA ELEMENTS--GENERAL INFORMATION
fixed length control field 260409a
100 1# - MAIN ENTRY--PERSONAL NAME
Personal name Stern, Nicholas H.
245 10 - TITLE STATEMENT
Title Optimum income taxation with discrete populations
773 0# - HOST ITEM ENTRY
Title Journal of public economics
Related parts - Vol. 17, Nº 2 (mar. 1982)
Record control number REV11485

No hay ítems disponibles.